| 000 | 00522nam a2200205Ia 4500 | ||
|---|---|---|---|
| 005 | 20240823033017.0 | ||
| 008 | 240823s9999||||xx |||||||||||||| ||und|| | ||
| 020 | _a81-239-0412-6 | ||
| 041 | _aENGLISH | ||
| 082 | _A621.75 N5 | ||
| 100 | _aChapman W A J | ||
| 245 | 0 | _aWorkshop Technology - Part 3 | |
| 250 | _a3rd | ||
| 260 |
_c1995 _b"CBS Publishers & Distributors,New " |
||
| 500 | _aYES | ||
| 650 |
_aWorkshop Technology _bAeronautical Engineering |
||
| 700 | _a Martin S J | ||
| 942 | _cBK | ||
| 999 |
_c194798 _d194798 |
||